Normal view
MARC view
- العرب في اسبانيا - الحضارة الاسلامية - الاندلس - اسبانيا - تاريخ -711-1516- الاندلس - تاريخ
Entry Topical Term
001 - CONTROL NUMBER
- control field: 60837
003 - CONTROL NUMBER IDENTIFIER
- control field: JO-AjAnu
005 - DATE AND TIME OF LATEST TRANSACTION
- control field: 20230606083937.0
008 - FIXED-LENGTH DATA ELEMENTS
- fixed length control field: 230606|| aca||aabn | a|a d
040 ## - CATALOGING SOURCE
- Original cataloging agency: JO-AjAnu
- Transcribing agency: JO-AjAnu
150 ## - HEADING--TOPICAL TERM
- Topical term or geographic name entry element: العرب في اسبانيا - الحضارة الاسلامية - الاندلس - اسبانيا - تاريخ -711-1516- الاندلس - تاريخ
670 ## - SOURCE DATA FOUND
- Source citation: Work cat.: (JO-AjAnu)31030: مصطفى، احمد محمد, author 60836, تاريخ الاندلس